000 00745nam a2200241 a 4500
001 BRCA_3516
005 20190320204321.0
008 260709s1938----mx-a---###---#000-0#spa-#
041 _aspa
044 _amx
050 4 _aF1336
_b.F47 1938
100 1 _aFernández Boyoli, Manuel.
_99133
245 1 0 _aLo que no se sabe de la rebelión cedillista
_cManuel Fernández Boyoli, Eustaquio Marron de Angelis.
260 _aMéxico
_bGrafi-Art
_c1938
300 _a349 p.
_bil.
_c21 cm.
500 _aB120
600 1 4 _aCedillo, Saturnino
_99134
651 4 _aMéxico
_xPolítica y gobierno
_97019
651 4 _aSan Luis Potosi (Estado)
_xHistoria
_99135
700 1 _aMarron de Angelis, Eustaquio
_ecoaut.
_99136
902 _aGFM
942 _2lcc
_cB
999 _c3251
_d3251